|
|
|
|
| LEADER |
03714nam a22005895i 4500 |
| 001 |
978-3-642-11808-1 |
| 003 |
DE-He213 |
| 005 |
20170119163838.0 |
| 007 |
cr nn 008mamaa |
| 008 |
100715s2010 gw | s |||| 0|eng d |
| 020 |
|
|
|a 9783642118081
|9 978-3-642-11808-1
|
| 024 |
7 |
|
|a 10.1007/978-3-642-11808-1
|2 doi
|
| 040 |
|
|
|d GrThAP
|
| 050 |
|
4 |
|a QA76.9.D343
|
| 072 |
|
7 |
|a UNF
|2 bicssc
|
| 072 |
|
7 |
|a UYQE
|2 bicssc
|
| 072 |
|
7 |
|a COM021030
|2 bisacsh
|
| 082 |
0 |
4 |
|a 006.312
|2 23
|
| 245 |
1 |
0 |
|a Knowledge Representation for Health-Care. Data, Processes and Guidelines
|h [electronic resource] :
|b AIME 2009 Workshop KR4HC 2009, Verona, Italy, July 19, 2009, Revised Selected and Invited Papers /
|c edited by David Riaño, Annette ten Teije, Silvia Miksch, Mor Peleg.
|
| 264 |
|
1 |
|a Berlin, Heidelberg :
|b Springer Berlin Heidelberg :
|b Imprint: Springer,
|c 2010.
|
| 300 |
|
|
|a 195 p. 60 illus.
|b online resource.
|
| 336 |
|
|
|a text
|b txt
|2 rdacontent
|
| 337 |
|
|
|a computer
|b c
|2 rdamedia
|
| 338 |
|
|
|a online resource
|b cr
|2 rdacarrier
|
| 347 |
|
|
|a text file
|b PDF
|2 rda
|
| 490 |
1 |
|
|a Lecture Notes in Computer Science,
|x 0302-9743 ;
|v 5943
|
| 505 |
0 |
|
|a From Patient Data to Medical Ontologies -- Creating Topic Hierarchies for Large Medical Libraries -- Bridging an Asbru Protocol to an Existing Electronic Patient Record -- From Natural Language Descriptions in Clinical Guidelines to Relationships in an Ontology -- A Hybrid Methodology for Consumer-Oriented Healthcare Knowledge Acquisition -- Identifying Disease-Centric Subdomains in Very Large Medical Ontologies: A Case-Study on Breast Cancer Concepts in SNOMED CT. Or: Finding 2500 Out of 300.000 -- Sharable Appropriateness Criteria in GLIF3 Using Standards and the Knowledge-Data Ontology Mapper -- Guideline Modeling and Tools -- Analysis of the GLARE and GPROVE Approaches to Clinical Guidelines -- Semantic Web-Based Modeling of Clinical Pathways Using the UML Activity Diagrams and OWL-S -- Extracting Qualitative Knowledge from Medical Guidelines for Clinical Decision-Support Systems -- Experiences in the Development of Electronic Care Plans for the Management of Comorbidities -- Challenges in Delivering Decision Support Systems: The MATE Experience -- Technical Solutions for Integrating Clinical Practice Guidelines with Electronic Patient Records -- Advanced Topics -- Towards a Possibility-Theoretic Approach to Uncertainty in Medical Data Interpretation for Text Generation -- Argumentation about Treatment Efficacy -- A Knowledge-Management Architecture to Integrate and to Share Medical and Clinical Data, Information, and Knowledge.
|
| 650 |
|
0 |
|a Computer science.
|
| 650 |
|
0 |
|a Database management.
|
| 650 |
|
0 |
|a Data mining.
|
| 650 |
|
0 |
|a Information storage and retrieval.
|
| 650 |
|
0 |
|a Application software.
|
| 650 |
|
0 |
|a Management information systems.
|
| 650 |
1 |
4 |
|a Computer Science.
|
| 650 |
2 |
4 |
|a Data Mining and Knowledge Discovery.
|
| 650 |
2 |
4 |
|a Information Storage and Retrieval.
|
| 650 |
2 |
4 |
|a Computer Applications.
|
| 650 |
2 |
4 |
|a Database Management.
|
| 650 |
2 |
4 |
|a Information Systems Applications (incl. Internet).
|
| 650 |
2 |
4 |
|a Management of Computing and Information Systems.
|
| 700 |
1 |
|
|a Riaño, David.
|e editor.
|
| 700 |
1 |
|
|a Teije, Annette ten.
|e editor.
|
| 700 |
1 |
|
|a Miksch, Silvia.
|e editor.
|
| 700 |
1 |
|
|a Peleg, Mor.
|e editor.
|
| 710 |
2 |
|
|a SpringerLink (Online service)
|
| 773 |
0 |
|
|t Springer eBooks
|
| 776 |
0 |
8 |
|i Printed edition:
|z 9783642118074
|
| 830 |
|
0 |
|a Lecture Notes in Computer Science,
|x 0302-9743 ;
|v 5943
|
| 856 |
4 |
0 |
|u http://dx.doi.org/10.1007/978-3-642-11808-1
|z Full Text via HEAL-Link
|
| 912 |
|
|
|a ZDB-2-SCS
|
| 912 |
|
|
|a ZDB-2-LNC
|
| 950 |
|
|
|a Computer Science (Springer-11645)
|